OECD Research and Development Expenditure in Industry 2018 ANBERD
Gespeichert in:
| Format: | Buch |
|---|---|
| Sprache: | Englisch |
| Veröffentlicht: |
Paris
OECD
2018
|
| Schlagworte: | |
| Tags: |
Keine Tags, Fügen Sie das erste Tag hinzu!
|
MARC
| LEADER | 00000nam a2200000 4500 | ||
|---|---|---|---|
| 001 | 0254609 | ||
| 005 | 20221220065752.7 | ||
| 020 | |a 978-92-64-30552-6 | ||
| 022 | |a 2223-7917 | ||
| 041 | 0 | |a eng | |
| 044 | |a FR | ||
| 245 | 1 | 0 | |a OECD Research and Development Expenditure in Industry 2018 |b ANBERD |
| 264 | 1 | |a Paris |b OECD |c 2018 | |
| 300 | |a 99 s. | ||
| 610 | 2 | 0 | |a priemysel |
| 610 | 2 | 0 | |a výskum |
| 610 | 2 | 0 | |a výdavky |
| 610 | 2 | 0 | |a podnikanie |
| 610 | 2 | 0 | |a ceny |
| 610 | 2 | 0 | |a aktivita hospodárska |
| 610 | 2 | 0 | |a ukazovatele |
| 610 | 2 | 0 | |a porovnanie štatistické medzinárodné |